[Event "VI Festival"]
[Site "Rocca Priora "]
[Date "2012.08.13"]
[Round "3"]
[White "Caprio, Guido"]
[Black "Corvi, Marco"]
[Result "1-0"]
[WhiteElo "2427"]
[BlackElo "2283"]
[PlyCount "57"]
[EventDate "2012.08.11"]
[EventCountry "ITA"]
[SourceDate "2005.09.12"]

1. e4 c5 2. Nf3 d6 3. d4 cxd4 4. Nxd4 Nf6 5. Nc3 g6 6. Be3 Bg7 7. f3 O-O 8. Qd2
Nc6 9. Bc4 Nd7 10. h4 Nb6 11. Bb3 Na5 12. Qd3 Nxb3 13. axb3 d5 14. Ndb5 Bd7 15.
O-O-O a6 16. Bxb6 Qxb6 17. Nxd5 Qxb5 18. Nxe7+ Kh8 19. Qxd7 Qe5 20. c3 h5 21.
Nd5 Rad8 22. Qxb7 Qg3 23. Qxa6 Ra8 24. Qe2 Rfc8 25. Kc2 f5 26. f4 fxe4 27. Rh3
Qg4 28. Qxg4 hxg4 29. Re3 1-0

[Event "VI Festival"]
[Site "Rocca Priora "]
[Date "2012.08.13"]
[Round "3"]
[White "Carnicelli, Valerio"]
[Black "Spano Cuomo, Gaetano"]
[Result "1-0"]
[WhiteElo "1998"]
[BlackElo "1804"]
[PlyCount "83"]
[EventDate "2012.08.11"]
[EventCountry "ITA"]
[SourceDate "2005.09.12"]

1. e4 d6 2. d4 g6 3. Nc3 Bg7 4. Be3 e6 5. f3 Ne7 6. g4 c6 7. Nce2 Nd7 8. h4 h5
9. g5 b6 10. Ng3 Bb7 11. Bd3 c5 12. c3 Rc8 13. N1e2 Nc6 14. Qd2 d5 15. e5 c4
16. Bc2 b5 17. Nf4 Ne7 18. Bxg6 Nxg6 19. Ngxh5 Bf8 20. Nxg6 Rxh5 21. Qc2 Be7
22. O-O-O Nf8 23. Nf4 Rh8 24. Rdg1 Bxg5 25. hxg5 Rxh1 26. Rxh1 Qxg5 27. Nxd5
Qg3 28. Nf6+ Ke7 29. Rg1 Qxf3 30. Bg5 Ng6 31. Ne4+ Kd7 32. Nc5+ Rxc5 33. dxc5
Nxe5 34. Qh2 Nd3+ 35. Kb1 e5 36. Qh8 Qf2 37. Qd8+ Ke6 38. Qe7+ Kf5 39. Qxf7+
Ke4 40. Qxb7+ Kf5 41. Qh7+ Ke6 42. Qh3+ 1-0

[Event "VI Festival"]
[Site "Rocca Priora "]
[Date "2012.08.13"]
[Round "3"]
[White "Farina, Saverio"]
[Black "Pulito, Alberto"]
[Result "0-1"]
[WhiteElo "2120"]
[BlackElo "2252"]
[PlyCount "124"]
[EventDate "2012.08.11"]
[EventCountry "ITA"]
[SourceDate "2005.09.12"]

1. c4 e5 2. Nc3 Nf6 3. Nf3 Nc6 4. e3 Be7 5. d4 exd4 6. exd4 d5 7. cxd5 Nxd5 8.
Bc4 Be6 9. Qb3 Na5 10. Qa4+ c6 11. Bxd5 Bxd5 12. Nxd5 b5 13. Qc2 Qxd5 14. O-O
O-O 15. b3 Nb7 16. Re1 Bf6 17. Bb2 Rac8 18. Rad1 g6 19. h3 Rfd8 20. Ba3 Re8 21.
Bc5 Rxe1+ 22. Rxe1 Nxc5 23. Qxc5 Qxc5 24. dxc5 Rd8 25. Ne5 Bxe5 26. Rxe5 Kf8
27. Re2 Rd1+ 28. Kh2 a5 29. Rc2 Rd3 30. Kg1 Rd4 31. Kh2 Rd3 32. Kg1 Ke7 33. Kf1
Kf6 34. Ke2 Rd5 35. Ke3 h5 36. h4 Kf5 37. f3 Rd1 38. g3 Re1+ 39. Kf2 Rd1 40.
Ke3 f6 41. Kf2 g5 42. hxg5 fxg5 43. Ke2 Rg1 44. Kf2 Rd1 45. Ke2 Rh1 46. Ke3 h4
47. gxh4 gxh4 48. a4 bxa4 49. bxa4 h3 50. Rd2 h2 51. Re2 Kg5 52. Ke4 Kh4 53.
Ke5 Kg3 54. f4 Rf1 55. Rxh2 Kxh2 56. f5 Kg3 57. Kd6 Rxf5 58. Kxc6 Kf4 59. Kd6
Ke4 60. c6 Kd4 61. c7 Rc5 62. Kd7 Kc4 0-1

[Event "VI Festival"]
[Site "Rocca Priora "]
[Date "2012.08.13"]
[Round "3"]
[White "Ferretti, Folco"]
[Black "Maggi, Fabrizio"]
[Result "1-0"]
[WhiteElo "2264"]
[BlackElo "2105"]
[PlyCount "133"]
[EventDate "2012.08.11"]
[EventCountry "ITA"]
[SourceDate "2005.09.12"]

1. e4 e6 2. d4 d5 3. Nd2 c5 4. Ngf3 Nc6 5. exd5 exd5 6. Bb5 Bd6 7. dxc5 Bxc5 8.
O-O Nge7 9. Nb3 Bd6 10. Re1 O-O 11. Bd3 h6 12. h3 Nf5 13. c3 Qf6 14. Bc2 Rd8
15. Qd3 g6 16. Bd2 a5 17. a4 Be6 18. Rad1 Rac8 19. Qb5 Nh4 20. Nxh4 Qxh4 21.
Qf1 Re8 22. Bc1 Kg7 23. Nd4 Bxh3 24. Rxe8 Bg4 25. g3 Bxg3 26. fxg3 Qxg3+ 27.
Qg2 Qxg2+ 28. Kxg2 Rxe8 29. Rf1 Nxd4 30. cxd4 Re2+ 31. Rf2 Rxf2+ 32. Kxf2 g5
33. b3 f5 34. Ba3 Kf6 35. Bd6 f4 36. Bc7 Bd7 37. Bd8+ Kg7 38. Bxa5 h5 39. Bd8
Kh6 40. Kg2 Be6 41. b4 Bd7 42. b5 Be6 43. a5 Bc8 44. Bd3 h4 45. Be2 Kg6 46. Bf3
g4 47. Bxd5 h3+ 48. Kg1 g3 49. Bf3 Kf5 50. a6 bxa6 51. b6 a5 52. b7 Bxb7 53.
Bxb7 a4 54. Be7 Kg4 55. Bc8+ Kf3 56. Bxh3 Ke3 57. Bd6 f3 58. Bxg3 Kxd4 59. Bd6
Kc3 60. Kf2 Kb2 61. Be6 a3 62. Be5+ Kb1 63. Bf5+ Ka2 64. Kxf3 Kb3 65. Ke2 Ka2
66. Be6+ Kb1 67. Kd2 1-0

[Event "VI Festival"]
[Site "Rocca Priora "]
[Date "2012.08.13"]
[Round "3"]
[White "Gallucci, Alessio"]
[Black "Pompa, Alessandro"]
[Result "1-0"]
[WhiteElo "2245"]
[BlackElo "2065"]
[PlyCount "55"]
[EventDate "2012.08.11"]
[EventCountry "ITA"]
[SourceDate "2005.09.12"]

1. Nf3 b5 2. e4 Bb7 3. Bxb5 Bxe4 4. O-O e6 5. d4 Nc6 6. Nbd2 Bg6 7. d5 exd5 8.
Re1+ Be7 9. c4 Nf6 10. Qe2 Rb8 11. Bxc6 dxc6 12. Ne5 Rb6 13. c5 Bh5 14. Qf1 O-O
15. cxb6 Bc5 16. bxa7 Qd6 17. Nb3 Bxa7 18. Bf4 Ne4 19. Nd3 Qg6 20. Be3 c5 21.
Nf4 Qf5 22. Nxh5 Qxh5 23. Qe2 Qg6 24. Rac1 Qd6 25. Qc2 f5 26. Nxc5 Bb8 27. Nxe4
fxe4 28. Bc5 1-0

[Event "VI Festival"]
[Site "Rocca Priora "]
[Date "2012.08.13"]
[Round "3"]
[White "Molinari, Carlo"]
[Black "Ravagnani, Tiziano"]
[Result "1-0"]
[WhiteElo "2012"]
[BlackElo "1998"]
[PlyCount "45"]
[EventDate "2012.08.11"]
[EventCountry "ITA"]
[SourceDate "2005.09.12"]

1. Nc3 c5 2. e4 Nc6 3. g3 g6 4. Bg2 Bg7 5. Nf3 d6 6. h3 Bd7 7. O-O Qc8 8. Kh2
h5 9. d3 Nf6 10. Bf4 Nd4 11. Nd5 Ng4+ 12. Kg1 Nxf3+ 13. Bxf3 Ne5 14. h4 Nxf3+
15. Qxf3 Bg4 16. Qe3 Bd4 17. Qe1 Bh3 18. e5 Qg4 19. exd6 e6 20. Qe4 g5 21. Nc7+
Kd7 22. Nxa8 gxh4 23. Qxb7+ 1-0

[Event "VI Festival"]
[Site "Rocca Priora "]
[Date "2012.08.13"]
[Round "3"]
[White "Napoli, Nicolo"]
[Black "Albertini, Luca"]
[Result "1-0"]
[WhiteElo "2314"]
[BlackElo "2122"]
[PlyCount "103"]
[EventDate "2012.08.11"]
[EventCountry "ITA"]
[SourceDate "2005.09.12"]

1. d4 d5 2. g3 Nf6 3. Bg2 c6 4. Nc3 Bf5 5. f3 e6 6. e4 dxe4 7. fxe4 Bg4 8. Qd3
Bb4 9. Nf3 O-O 10. O-O Nbd7 11. e5 Bf5 12. Qc4 Bxc3 13. exf6 Ba5 14. fxg7 Kxg7
15. Bg5 Qe8 16. Kh1 Bd8 17. Bf4 Bf6 18. Ne5 Nb6 19. Qe2 Qd8 20. Qh5 Bg6 21.
Bh6+ Kg8 22. Qh3 Bg7 23. Ng4 f5 24. Bxg7 Kxg7 25. Qh6+ Kg8 26. Ne5 Qxd4 27.
Rae1 Rae8 28. h4 Nd7 29. Rf4 Qd6 30. Nxd7 Qxd7 31. h5 Bf7 32. g4 Qd8 33. g5 Re7
34. g6 Bxg6 35. hxg6 Rf6 36. Rh4 Rxg6 37. Qf4 Reg7 38. Rh2 Kf7 39. Bf3 a6 40.
c4 Qa5 41. Rd1 Kf6 42. Re2 Qc5 43. b4 Qxb4 44. Bh5 Qe7 45. Qe5+ Kf7 46. Rh2 Kf8
47. Bxg6 hxg6 48. Rh8+ Kf7 49. Rdd8 g5 50. Rdg8 Rxg8 51. Rh7+ Kf8 52. Qb8+ 1-0

[Event "VI Festival"]
[Site "Rocca Priora "]
[Date "2012.08.13"]
[Round "3"]
[White "Palermo, Stefano"]
[Black "Baba, Masahiro"]
[Result "0-1"]
[WhiteElo "2094"]
[BlackElo "2233"]
[PlyCount "62"]
[EventDate "2012.08.11"]
[EventCountry "ITA"]
[SourceDate "2005.09.12"]

1. e4 c5 2. Nf3 d6 3. d4 cxd4 4. Nxd4 Nf6 5. Nc3 a6 6. g3 e5 7. Nde2 Be7 8. Bg2
O-O 9. O-O Nbd7 10. h3 b5 11. g4 b4 12. Nd5 Nxd5 13. exd5 a5 14. Ng3 Nc5 15.
Be3 Qc7 16. a3 Rb8 17. axb4 axb4 18. Ne4 Nxe4 19. Bxe4 f5 20. gxf5 Bxf5 21. Qd3
Qc8 22. Kh2 Rb7 23. Ra4 Bh4 24. Bxf5 Qxf5 25. Qc4 e4 26. f4 exf3 27. Bf2 Qe5+
28. Kg1 Bxf2+ 29. Rxf2 Qg3+ 30. Kf1 Qxh3+ 31. Ke1 Re7+ 0-1

[Event "VI Festival"]
[Site "Rocca Priora "]
[Date "2012.08.13"]
[Round "3"]
[White "Pescatore, Lorenzo"]
[Black "Vuelban, Virgilio"]
[Result "1-0"]
[WhiteElo "2170"]
[BlackElo "2325"]
[PlyCount "53"]
[EventDate "2012.08.11"]
[EventCountry "ITA"]
[SourceDate "2005.09.12"]

1. e4 e6 2. d4 d5 3. Bd3 dxe4 4. Bxe4 Nf6 5. Bd3 c5 6. c3 Nc6 7. Nf3 Bd7 8.
dxc5 Bxc5 9. O-O Qc7 10. Qe2 O-O-O 11. b4 Bd6 12. h3 Ne5 13. Nxe5 Bxe5 14. Re1
Ba4 15. Bb2 Rd5 16. Na3 Rhd8 17. Bb5 Bh2+ 18. Kh1 Rd2 19. Qe3 Rxb2 20. Qxa7
Bxb5 21. Nxb5 Qb8 22. Qc5+ Bc7 23. Rad1 Nd5 24. Na7+ Kd7 25. Rxd5+ Ke8 26. Nb5
b6 27. Nxc7+ 1-0

[Event "VI Festival"]
[Site "Rocca Priora "]
[Date "2012.08.13"]
[Round "4"]
[White "Albertini, Luca"]
[Black "Marzaduri, Riccardo"]
[Result "1/2-1/2"]
[WhiteElo "2122"]
[BlackElo "1826"]
[PlyCount "42"]
[EventDate "2012.08.11"]
[EventCountry "ITA"]
[SourceDate "2005.09.12"]

1. d4 Nf6 2. c4 g6 3. Nc3 Bg7 4. e4 d6 5. f3 Nbd7 6. Be3 c5 7. Qd2 Qb6 8. Nge2
O-O 9. O-O-O Qb4 10. Nf4 cxd4 11. Ncd5 Qxd2+ 12. Bxd2 e5 13. Nd3 Nxd5 14. cxd5
a5 15. Kb1 b6 16. b3 Nc5 17. Nb2 Ba6 18. Bxa6 Rxa6 19. Nc4 Nb7 20. Na3 Nc5 21.
Nc4 Nb7 1/2-1/2

[Event "VI Festival"]
[Site "Rocca Priora "]
[Date "2012.08.13"]
[Round "4"]
[White "Baba, Masahiro"]
[Black "Napoli, Nicolo"]
[Result "0-1"]
[WhiteElo "2233"]
[BlackElo "2314"]
[PlyCount "94"]
[EventDate "2012.08.11"]
[EventCountry "ITA"]
[SourceDate "2005.09.12"]

1. e4 c6 2. d4 d5 3. e5 c5 4. dxc5 e6 5. Be3 Nd7 6. Nf3 Ne7 7. c3 Qc7 8. Bd4
Nc6 9. Bb5 Nxc5 10. O-O Be7 11. Re1 a6 12. Bd3 Nxd3 13. Qxd3 Bd7 14. Nbd2 Rc8
15. Nf1 Na5 16. N3d2 Nc4 17. Nxc4 dxc4 18. Qg3 O-O 19. Nd2 Ba4 20. Rac1 Kh8 21.
Re4 Rg8 22. Rg4 Qd7 23. Qf4 Rgf8 24. Ne4 Rg8 25. Qxf7 Rcf8 26. Ng5 h6 27. Qg6
Bxg5 28. Rxg5 Rf4 29. Rh5 Rgf8 30. Be3 R4f5 31. Rxf5 Rxf5 32. Qg4 Qb5 33. f4
Qxb2 34. Qg6 Qe2 35. Qg3 Qxa2 36. Qf2 Qa3 37. Qd2 Bc6 38. Rd1 Rf7 39. Qd8+ Kh7
40. Qd2 Qb3 41. Ra1 Rd7 42. Bd4 Be4 43. Qa2 b5 44. Qxa6 b4 45. Qa2 Rxd4 46.
cxd4 Qxa2 47. Rxa2 c3 0-1

[Event "VI Festival"]
[Site "Rocca Priora "]
[Date "2012.08.13"]
[Round "4"]
[White "Bighiu, Gheorghe"]
[Black "Molinari, Carlo"]
[Result "1-0"]
[WhiteElo "1977"]
[BlackElo "2012"]
[PlyCount "76"]
[EventDate "2012.08.11"]
[EventCountry "ITA"]
[SourceDate "2005.09.12"]

1. e4 d6 2. d4 Nf6 3. Bd3 g6 4. Ne2 e5 5. dxe5 dxe5 6. O-O Bg7 7. f3 O-O 8. Bc4
Qe7 9. Be3 Be6 10. Bxe6 Qxe6 11. c3 Nc6 12. Na3 Rfd8 13. Qb3 Qxb3 14. axb3 Rd3
15. Nc2 b6 16. b4 Ne8 17. Rad1 Rad8 18. Rxd3 Rxd3 19. Nc1 Rd8 20. Nb3 Nd6 21.
Rd1 f5 22. Bg5 Rf8 23. exf5 gxf5 24. Na3 h6 25. Bh4 a6 26. Nd2 b5 27. Nc2 e4
28. f4 a5 29. bxa5 Nxa5 30. Be7 Re8 31. Bxd6 cxd6 32. Nf1 Nc4 33. b3 e3 34.
bxc4 e2 35. Rxd6 Bf8 36. Rd5 Rc8 37. Nfe3 Bc5 38. Kf2 bxc4 1-0

[Event "VI Festival"]
[Site "Rocca Priora "]
[Date "2012.08.13"]
[Round "4"]
[White "Marzaduri, Marco R"]
[Black "Caprio, Guido"]
[Result "0-1"]
[WhiteElo "1845"]
[BlackElo "2427"]
[PlyCount "58"]
[EventDate "2012.08.11"]
[EventCountry "ITA"]
[SourceDate "2005.09.12"]

1. e4 b6 2. d4 Bb7 3. Nc3 e6 4. Bf4 Bb4 5. Bd3 f5 6. Qe2 Nf6 7. f3 O-O 8. Nh3
fxe4 9. fxe4 Nc6 10. e5 Nxd4 11. Qf2 Bc5 12. Qh4 Bxg2 13. O-O-O Ne4 14. Bg5
Nxg5 15. Nxg5 h6 16. Rhg1 Nf3 17. Nxf3 Be3+ 18. Kb1 Bxf3 19. Qg3 Qg5 20. Qxf3
Rxf3 21. Rxg5 hxg5 22. Be4 Raf8 23. Bxf3 Rxf3 24. Rxd7 Bf4 25. a3 Bxh2 26. Rxc7
g4 27. Re7 g3 28. Rxe6 g2 29. Ne2 Re3 0-1

[Event "VI Festival"]
[Site "Rocca Priora "]
[Date "2012.08.13"]
[Round "4"]
[White "Pescatore, Lorenzo"]
[Black "Gallucci, Alessio"]
[Result "1-0"]
[WhiteElo "2170"]
[BlackElo "2245"]
[PlyCount "143"]
[EventDate "2012.08.11"]
[EventCountry "ITA"]
[SourceDate "2005.09.12"]

1. e4 d6 2. d4 g6 3. Nf3 Bg7 4. Nc3 a6 5. a4 Nf6 6. h3 O-O 7. Be3 c6 8. Be2
Nbd7 9. O-O Qc7 10. Qd2 Re8 11. Rfe1 e5 12. dxe5 dxe5 13. a5 Nf8 14. Bc4 Be6
15. Qe2 Nh5 16. Ng5 Nf4 17. Qf1 Bxc4 18. Qxc4 N8e6 19. Nxe6 Nxe6 20. Red1 Qe7
21. Ne2 Nd4 22. c3 Nb5 23. Nc1 Rad8 24. Nb3 Rxd1+ 25. Rxd1 Rd8 26. Qe2 Rxd1+
27. Qxd1 Qd6 28. Qxd6 Nxd6 29. Nd2 f5 30. f3 Kf7 31. Bc5 Ke6 32. Bxd6 Kxd6 33.
Nc4+ Kc5 34. b3 Bf6 35. Kf1 Kb5 36. Ke2 c5 37. Kd3 Bd8 38. Nd6+ Kc6 39. Nc4 Bc7
40. exf5 gxf5 41. g4 fxg4 42. fxg4 Kd5 43. Nb2 Ke6 44. Ke4 Bd8 45. Na4 Kd6 46.
Nb2 Ke6 47. Nd3 Bxa5 48. Nxc5+ Kf6 49. b4 Bd8 50. Nxb7 Be7 51. Na5 Ke6 52. Nc4
Bh4 53. Nxe5 Bf6 54. Nd3 Bxc3 55. Nc5+ Kf6 56. Nxa6 Kg5 57. b5 Ba5 58. Kf3 Kh4
59. Kg2 h5 60. gxh5 Kxh5 61. Nc5 Kh4 62. Nd7 Kh5 63. b6 Bxb6 64. Nxb6 Kh6 65.
Kg3 Kh7 66. Kg4 Kh8 67. Kg5 Kh7 68. Nd5 Kh8 69. Kh6 Kg8 70. Ne7+ Kf8 71. Ng6+
Kg8 72. h4 1-0

[Event "VI Festival"]
[Site "Rocca Priora "]
[Date "2012.08.13"]
[Round "4"]
[White "Pulito, Alberto"]
[Black "Ferretti, Folco"]
[Result "0-1"]
[WhiteElo "2252"]
[BlackElo "2264"]
[PlyCount "48"]
[EventDate "2012.08.11"]
[EventCountry "ITA"]
[SourceDate "2005.09.12"]

1. e4 d6 2. d4 Nf6 3. Nc3 e5 4. Nf3 Nbd7 5. g4 h6 6. g5 hxg5 7. Nxg5 exd4 8.
Qxd4 c6 9. f4 d5 10. Be3 Bc5 11. Qd2 Bxe3 12. Qxe3 Qb6 13. Qxb6 Nxb6 14. O-O-O
Rh4 15. Re1 Kf8 16. exd5 Nbxd5 17. Nxd5 cxd5 18. Bb5 Bf5 19. Re5 Rxf4 20. Rhe1
Rc8 21. c3 a6 22. Ba4 Rxa4 23. Rxf5 Rxa2 24. Rfe5 Ra1+ 0-1

[Event "VI Festival"]
[Site "Rocca Priora "]
[Date "2012.08.13"]
[Round "4"]
[White "Saponara, Nicola"]
[Black "Palermo, Stefano"]
[Result "0-1"]
[WhiteElo "1808"]
[BlackElo "2094"]
[PlyCount "144"]
[EventDate "2012.08.11"]
[EventCountry "ITA"]
[SourceDate "2005.09.12"]

1. e4 c6 2. f4 d5 3. e5 g6 4. d4 Bg7 5. Nf3 Bg4 6. Bd3 e6 7. O-O Ne7 8. b3 Nd7
9. a4 O-O 10. Ba3 Re8 11. Qe1 Nf5 12. c3 Bxf3 13. Rxf3 h5 14. Nd2 Rc8 15. b4 a6
16. Rh3 b5 17. a5 Nf8 18. Qf2 Nh7 19. Qf3 Bf8 20. g4 hxg4 21. Qxg4 Nh6 22. Qg2
Kg7 23. Kh1 Be7 24. Rg1 Nf5 25. Nf3 Rh8 26. Bxf5 exf5 27. e6 g5 28. Nxg5 Nxg5
29. Rxh8 Qxh8 30. Bc1 fxe6 31. fxg5 Qh4 32. Bd2 Qe4 33. Re1 Qxg2+ 34. Kxg2 Kf7
35. Kg3 e5 36. dxe5 Ke6 37. Kf4 c5 38. bxc5 Rxc5 39. h4 Rc4+ 40. Kg3 d4 41.
cxd4 Rxd4 42. Bf4 Bb4 43. Rc1 Rxf4 44. Rc6+ Kxe5 45. g6 Be1+ 46. Kg2 Bxh4 47.
Rxa6 Rg4+ 48. Kh3 Bf6 49. Rb6 Rxg6 50. Rxb5+ Ke4 51. Rb4+ Bd4 52. Ra4 Ra6 53.
Kg2 f4 54. Ra3 Be3 55. Ra4+ Kd3 56. Kf3 Kc3 57. Ra2 Kb3 58. Rh2 Rxa5 59. Rh8
Kc4 60. Rf8 Ra2 61. Rc8+ Kd3 62. Rd8+ Kc3 63. Rc8+ Kd2 64. Rd8+ Ke1 65. Rf8
Rf2+ 66. Ke4 Rf1 67. Rf7 Kf2 68. Rf8 Ra1 69. Rc8 Ra4+ 70. Kd3 Rd4+ 71. Kc3 Rd7
72. Rh8 Bd4+ 0-1

[Event "VI Festival"]
[Site "Rocca Priora "]
[Date "2012.08.13"]
[Round "4"]
[White "Vergoti, Stelian"]
[Black "Farina, Saverio"]
[Result "1/2-1/2"]
[WhiteElo "1824"]
[BlackElo "2120"]
[PlyCount "142"]
[EventDate "2012.08.11"]
[EventCountry "ITA"]
[SourceDate "2005.09.12"]

1. e4 e6 2. d4 d5 3. Nd2 c5 4. dxc5 Bxc5 5. Nb3 Bb6 6. exd5 exd5 7. Nf3 Nc6 8.
c3 Nf6 9. Nbd4 O-O 10. Be2 Re8 11. O-O Bg4 12. Bg5 h6 13. Be3 Ne4 14. Re1 Qf6
15. a4 Rad8 16. Qc2 Na5 17. Rad1 Nc4 18. Bxc4 dxc4 19. h3 Bh5 20. Qe2 Nd6 21.
g4 Bg6 22. g5 Qe7 23. gxh6 Bd3 24. Rxd3 cxd3 25. Qxd3 Qe4 26. Qxe4 Nxe4 27.
hxg7 Rd5 28. Kg2 Ng5 29. Nxg5 Rxg5+ 30. Bxg5 Rxe1 31. Bf6 Bxd4 32. Bxd4 a6 33.
a5 Re6 34. b4 f6 35. Kf3 Kxg7 36. Kf4 Kf7 37. Kf5 Rd6 38. Ke4 Ke6 39. h4 Rd7
40. f4 f5+ 41. Kd3 Rh7 42. Kc4 Rxh4 43. Be5 Kd7 44. Kd5 Rh6 45. c4 Rh2 46. Kc5
Rh6 47. b5 Re6 48. Kd5 Rg6 49. Kc5 Rh6 50. bxa6 bxa6 51. Bd4 Rh3 52. Kd5 Rh6
53. Bb6 Rh5 54. c5 Rh6 55. Ke5 Rh5 56. Kf6 Kc6 57. Kg6 Rh8 58. Kxf5 Rf8+ 59.
Kg4 Rg8+ 60. Kf3 Rf8 61. Ke4 Re8+ 62. Kd4 Rf8 63. Ke3 Re8+ 64. Kf2 Rf8 65. Kf3
Kd5 66. Bc7 Kxc5 67. Ke4 Rf7 68. Be5 Kb5 69. f5 Kxa5 70. f6 Kb6 71. Kd5 Rxf6
1/2-1/2

[Event "VI Festival"]
[Site "Rocca Priora "]
[Date "2012.08.13"]
[Round "4"]
[White "Vuelban, Virgilio"]
[Black "Figus, Maurizio"]
[Result "1/2-1/2"]
[WhiteElo "2325"]
[BlackElo "1922"]
[PlyCount "51"]
[EventDate "2012.08.11"]
[EventCountry "ITA"]
[SourceDate "2005.09.12"]

1. e4 c5 2. Nf3 Nc6 3. d4 cxd4 4. Nxd4 Nf6 5. Nc3 e5 6. Ndb5 d6 7. Nd5 Nxd5 8.
exd5 Nb8 9. Qd3 a6 10. Qa3 Be7 11. Bd2 O-O 12. Bb4 axb5 13. Qxa8 Na6 14. Bd2
Bg5 15. Qa7 Bxd2+ 16. Kxd2 b6 17. h4 Qf6 18. Qxb6 Nc5 19. Ke1 Qf4 20. Qxb5 Ba6
21. Qa5 Bxf1 22. Kxf1 Ne4 23. Qb6 Ng3+ 24. Kg1 Ne2+ 25. Kf1 Ng3+ 26. Kg1
1/2-1/2

[Event "VI Festival"]
[Site "Rocca Priora "]
[Date "2012.08.14"]
[Round "5"]
[White "Caprio, Guido"]
[Black "Baba, Masahiro"]
[Result "1-0"]
[WhiteElo "2427"]
[BlackElo "2233"]
[PlyCount "87"]
[EventDate "2012.08.11"]
[EventCountry "ITA"]
[SourceDate "2005.09.12"]

1. e4 c5 2. Nf3 d6 3. d4 cxd4 4. Nxd4 Nf6 5. Nc3 a6 6. Be2 e5 7. Nb3 Be7 8. O-O
O-O 9. Qd3 Nc6 10. Bg5 Be6 11. Rfd1 Ne8 12. Be3 Bg5 13. Nd5 f5 14. Bf3 f4 15.
Bb6 Qd7 16. c4 Bd8 17. c5 Qf7 18. cxd6 Bxb6 19. Nxb6 Rd8 20. d7 Nf6 21. Nc5 Nd4
22. Nxb7 Rxd7 23. Nxd7 Bxd7 24. Nd6 Qg6 25. Nf5 Nxf5 26. exf5 Bxf5 27. Qc4+ Kh8
28. Qc5 Re8 29. Bc6 Be4 30. Bxe4 Nxe4 31. Qc7 f3 32. g3 Nxf2 33. Kxf2 Qh5 34.
Rd8 Qxh2+ 35. Kxf3 Qh5+ 36. Kf2 Qh2+ 37. Ke1 Qxg3+ 38. Kd1 Qf3+ 39. Ke1 Qg3+
40. Kd1 Qf3+ 41. Kc2 Qe2+ 42. Kb3 Qf3+ 43. Ka4 Qf4+ 44. Ka5 1-0

[Event "VI Festival"]
[Site "Rocca Priora "]
[Date "2012.08.14"]
[Round "5"]
[White "Farina, Saverio"]
[Black "Taloni, Silvio"]
[Result "1-0"]
[WhiteElo "2120"]
[BlackElo "1765"]
[PlyCount "59"]
[EventDate "2012.08.11"]
[EventCountry "ITA"]
[SourceDate "2005.09.12"]

1. c4 b6 2. d4 Bb7 3. Nc3 e6 4. a3 Nf6 5. d5 exd5 6. cxd5 d6 7. Nf3 Be7 8. g3
O-O 9. Bg2 Re8 10. O-O c5 11. e4 Nbd7 12. Qc2 Ng4 13. h3 Nge5 14. Nd2 Ba6 15.
Re1 Nd3 16. Re3 Nxc1 17. Rxc1 Bf6 18. Bf1 Bxf1 19. Rxf1 Ne5 20. Kh2 Qd7 21. f4
Ng6 22. Nf3 Re7 23. Rfe1 Rc8 24. Nd1 h5 25. h4 Bxh4 26. Nxh4 Nxh4 27. gxh4 Qg4
28. Qf2 f6 29. Rg1 Qd7 30. Qf3 1-0

[Event "VI Festival"]
[Site "Rocca Priora "]
[Date "2012.08.14"]
[Round "5"]
[White "Ferretti, Folco"]
[Black "Bighiu, Gheorghe"]
[Result "1-0"]
[WhiteElo "2264"]
[BlackElo "1977"]
[PlyCount "61"]
[EventDate "2012.08.11"]
[EventCountry "ITA"]
[SourceDate "2005.09.12"]

1. Nf3 Nf6 2. c4 c6 3. g3 d5 4. Bg2 e6 5. O-O Bd6 6. d4 Nbd7 7. Qc2 Ne4 8. b3
f5 9. Ba3 Qe7 10. Bxd6 Qxd6 11. Nbd2 O-O 12. e3 Nxd2 13. Qxd2 Nf6 14. Ne5 Nd7
15. Nd3 Nf6 16. c5 Qe7 17. b4 g5 18. a4 Nh5 19. b5 f4 20. Qe2 Ng7 21. exf4 gxf4
22. Nxf4 Qg5 23. Rfe1 Bd7 24. bxc6 bxc6 25. Qd3 Rf6 26. Rab1 Raf8 27. Re5 Qh6
28. Rb7 Be8 29. Qe2 a5 30. Rxg7+ Qxg7 31. Nxe6 1-0

[Event "VI Festival"]
[Site "Rocca Priora "]
[Date "2012.08.14"]
[Round "5"]
[White "Figus, Maurizio"]
[Black "Corvi, Marco"]
[Result "0-1"]
[WhiteElo "1922"]
[BlackElo "2283"]
[PlyCount "58"]
[EventDate "2012.08.11"]
[EventCountry "ITA"]
[SourceDate "2005.09.12"]

1. e4 g6 2. d4 c6 3. c4 Bg7 4. Nc3 d6 5. Be3 e5 6. Nge2 Ne7 7. Qd2 Be6 8. d5
cxd5 9. cxd5 Bg4 10. f3 Bd7 11. Nc1 f5 12. Nb5 Bxb5 13. Bxb5+ Kf7 14. Nb3 a6
15. Be2 Nd7 16. O-O Nf6 17. Na5 Qd7 18. Qb4 Rhb8 19. Nc4 Nc8 20. Bb6 Kg8 21.
Bd3 Qb5 22. a3 Nxb6 23. Nxb6 Qxd3 24. Qxd6 Kh8 25. Nxa8 Rxa8 26. Rac1 fxe4 27.
fxe4 Qe3+ 28. Kh1 Nxe4 29. Rc2 Nxd6 0-1

[Event "VI Festival"]
[Site "Rocca Priora "]
[Date "2012.08.14"]
[Round "5"]
[White "Luigi, Rinaldo"]
[Black "Albertini, Luca"]
[Result "0-1"]
[WhiteElo "1793"]
[BlackElo "2122"]
[PlyCount "40"]
[EventDate "2012.08.11"]
[EventCountry "ITA"]
[SourceDate "2005.09.12"]

1. e4 e5 2. Nf3 Nc6 3. Bb5 Nf6 4. d3 d6 5. h3 h6 6. c3 Be7 7. O-O O-O 8. Re1
Bd7 9. Nbd2 Nh7 10. Nf1 Ng5 11. Nxg5 Bxg5 12. Bxg5 Qxg5 13. Qf3 Nd4 14. cxd4
Bxb5 15. a4 Bd7 16. d5 f5 17. Qg3 Qh5 18. Nh2 Rf6 19. Nf3 Rg6 20. Qh4 Qxf3 0-1

[Event "VI Festival"]
[Site "Rocca Priora "]
[Date "2012.08.14"]
[Round "5"]
[White "Maggi, Fabrizio"]
[Black "Pompa, Alessandro"]
[Result "1/2-1/2"]
[WhiteElo "2105"]
[BlackElo "2065"]
[PlyCount "84"]
[EventDate "2012.08.11"]
[EventCountry "ITA"]
[SourceDate "2005.09.12"]

1. e4 c6 2. d4 d5 3. exd5 cxd5 4. c4 Nf6 5. Nc3 e6 6. a3 b6 7. Nf3 Be7 8. Bd3
O-O 9. O-O dxc4 10. Bxc4 Bb7 11. Qe2 Nc6 12. Rd1 Na5 13. Ba2 Rc8 14. Ne5 Nd5
15. Bd2 Nxc3 16. bxc3 Bd5 17. c4 Ba8 18. d5 exd5 19. cxd5 Bd6 20. Ng4 Re8 21.
Ne3 Qh4 22. g3 Qe4 23. Qh5 g6 24. Qg4 f5 25. Qxe4 Rxe4 26. Rac1 Bb7 27. Bb4 Rd8
28. Rc6 Bb8 29. d6+ Kg7 30. Rcc1 Rd7 31. Bd5 Bxd5 32. Rxd5 Re8 33. Bxa5 bxa5
34. Rc6 Red8 35. Nc4 a4 36. f4 Kf6 37. Kf2 Ke6 38. Re5+ Kf6 39. Rd5 Ke6 40.
Re5+ Kf6 41. Ra5 Ke6 42. Re5+ Kf6 1/2-1/2

[Event "VI Festival"]
[Site "Rocca Priora "]
[Date "2012.08.14"]
[Round "5"]
[White "Molinari, Carlo"]
[Black "Vergoti, Stelian"]
[Result "1/2-1/2"]
[WhiteElo "2012"]
[BlackElo "1824"]
[PlyCount "140"]
[EventDate "2012.08.11"]
[EventCountry "ITA"]
[SourceDate "2005.09.12"]

1. Nc3 d5 2. d4 Nf6 3. Bg5 Nbd7 4. Nf3 c6 5. g3 h6 6. Bf4 e6 7. a3 Nh5 8. Be5
Nhf6 9. Bg2 Be7 10. Qd3 a6 11. O-O O-O 12. h3 Nh5 13. g4 Nxe5 14. Nxe5 Nf4 15.
Qf3 Nxg2 16. Kxg2 Bd6 17. Qe3 f5 18. f4 Bxe5 19. fxe5 Qg5 20. Qxg5 hxg5 21. Na4
b5 22. Nc5 f4 23. Rf3 Ra7 24. Raf1 Raf7 25. Nd3 a5 26. b4 a4 27. c3 Bd7 28. h4
gxh4 29. Nxf4 Kh7 30. g5 Rf5 31. Nh3 Kg6 32. Rg1 Kh5 33. Kf2 Be8 34. Ke3 Rxf3+
35. exf3 Kg6 36. Rg4 Rh8 37. Kf2 Kf7 38. Rf4+ Kg6 39. Kg2 Bd7 40. Rg4 Be8 41.
Kh2 Kf5 42. Rf4+ Kg6 43. Rg4 Kf5 44. g6 Rh5 45. Rf4+ Kxg6 46. Rf8 Rf5 47. Nf4+
Rxf4 48. Rxf4 Kh6 49. Rf8 Bg6 50. Rc8 Bd3 51. Rxc6 Bf5 52. Rb6 Kg5 53. Rxb5 Kf4
54. Rb7 g5 55. Rf7 Kxf3 56. Rxf5+ exf5 57. e6 g4 58. e7 Kf2 59. e8=Q g3+ 60.
Kh3 g2 61. Qg6 g1=Q 62. Qxg1+ Kxg1 63. Kxh4 Kf2 64. b5 f4 65. b6 f3 66. b7 Kg1
67. b8=Q f2 68. Kh3 f1=Q+ 69. Kh4 Qf6+ 70. Kg4 Qg6+ 1/2-1/2